<?xml version="1.0" encoding="UTF-8"?>
<record
    xmlns:xsi="http://www.w3.org/2001/XMLSchema-instance"
    xsi:schemaLocation="http://www.loc.gov/MARC21/slim http://www.loc.gov/standards/marcxml/schema/MARC21slim.xsd"
    xmlns="http://www.loc.gov/MARC21/slim">

  <leader>01581naa a2200265 i 4500</leader>
  <controlfield tag="001">BPP</controlfield>
  <controlfield tag="003">BPK</controlfield>
  <controlfield tag="005">20180427091546.0</controlfield>
  <controlfield tag="008">151112s2000    pl     f     |100 0 pol</controlfield>
  <datafield tag="040" ind1=" " ind2=" ">
    <subfield code="c">BPK</subfield>
  </datafield>
  <datafield tag="080" ind1=" " ind2=" ">
    <subfield code="a">621.791/.795</subfield>
  </datafield>
  <datafield tag="080" ind1=" " ind2=" ">
    <subfield code="a">621.382.3</subfield>
  </datafield>
  <datafield tag="100" ind1=" " ind2=" ">
    <subfield code="a">SUSZY&#x143;SKI, Zbigniew.</subfield>
    <subfield code="d">1996 - .</subfield>
    <subfield code="b">Politechnika Koszali&#x144;ska - Wydzia&#x142; Elektroniki,</subfield>
    <subfield code="c">Katedra Elektroniki Cia&#x142;a Sta&#x142;ego</subfield>
  </datafield>
  <datafield tag="245" ind1=" " ind2=" ">
    <subfield code="a">Metoda ilo&#x15B;ciowej oceny jako&#x15B;ci lutowania struktur tranzystor&#xF3;w bipolarnych do a&#x17C;uru /</subfield>
    <subfield code="c">Zbigniew Suszy&#x144;ski.</subfield>
  </datafield>
  <datafield tag="260" ind1=" " ind2=" ">
    <subfield code="c">2000.</subfield>
  </datafield>
  <datafield tag="500" ind1=" " ind2=" ">
    <subfield code="a">kopia dokumentu (Informator o publikowanych wynikach prac naukowo-badawczych w 2000 roku Wydzia&#x142;u Elektroniki).</subfield>
  </datafield>
  <datafield tag="520" ind1=" " ind2=" ">
    <subfield code="a">Zbadano zwi&#x105;zek pomi&#x119;dzy zachowaniem si&#x119; charakterystyk cz&#x119;stotliwo&#x15B;ciowych impedancji termicznej oraz si&#x142;&#x105; po&#x142;&#x105;czenia ultrakompresyjnego struktury p&#xF3;&#x142;przewodnikowej z a&#x17C;urem. Dla danego typu struktury mo&#x17C;na na podstawie charakterystyki fazowej lub amplitudowej impedancji termicznej przewidzie&#x107; wielko&#x15B;&#x107; si&#x142;y powoduj&#x105;cej zniszczenie po&#x142;&#x105;czenia ultrakompresyjnego, a tym samym oceni&#x107; ilo&#x15B;ciowo jego jako&#x15B;&#x107; w spos&#xF3;b nieinwazyjny. Wsp&#xF3;&#x142;czynnik korelacji pomi&#x119;dzy wynikami bada&#x144; termicznych oraz bada&#x144; niszcz&#x105;cych wyni&#xF3;s&#x142; ok. 0,8.</subfield>
  </datafield>
  <datafield tag="650" ind1=" " ind2="0">
    <subfield code="a">Tranzystory.</subfield>
  </datafield>
  <datafield tag="650" ind1=" " ind2="0">
    <subfield code="a">Lutowanie.</subfield>
  </datafield>
  <datafield tag="650" ind1=" " ind2="0">
    <subfield code="a">Impedancja.</subfield>
  </datafield>
  <datafield tag="655" ind1=" " ind2="0">
    <subfield code="a">Materia&#x142;y konferencyjne.</subfield>
  </datafield>
  <datafield tag="711" ind1=" " ind2=" ">
    <subfield code="a">Metrologia 2000</subfield>
    <subfield code="n">(2 ;</subfield>
    <subfield code="d">2000 ;</subfield>
    <subfield code="c">Rzesz&#xF3;w / Jawor, Polska).</subfield>
    <subfield code="p">Metrologia 2000</subfield>
  </datafield>
  <datafield tag="773" ind1=" " ind2=" ">
    <subfield code="i">W :</subfield>
    <subfield code="t">II Konferencja Grantowa Metrologia. -</subfield>
    <subfield code="g">2000, s. 73-78</subfield>
  </datafield>
  <datafield tag="942" ind1=" " ind2=" ">
    <subfield code="c">ART</subfield>
    <subfield code="2">UKD</subfield>
  </datafield>
  <datafield tag="999" ind1=" " ind2=" ">
    <subfield code="c">299</subfield>
    <subfield code="d">299</subfield>
  </datafield>
</record>
